000 00635nam a2200241 a 4500
001 0001-1247
003 ELIB.Books
008 150603 2010 eng
020 _a0825434289
035 _a(ELIB.Books)0001-1402
092 _a264.2
_bOsb
100 _aOsbeck, Kenneth W.
245 _a52 Hymn Stories Dramatized
260 _aGrand Rapids
_bKregel Publications
_c1992
300 _a174
_c21.5 Cm
500 _aC/o Moe Tarmalar Paw
650 _aMusic Hymns
856 _nKBTS: Library
_uKBTS: Elib
942 _2ddc
_cBK
990 _a3
998 _cbat
_e2015-06-03
_mcat
_u2019-06-29
999 _c11247
_d11247